000
00222nam a22000857a 4500
001
1235123
005
20250930101844.0
245
_a
KONUK DEĞİL BAŞBELESI
_c
CHRISTINE NÖSTLINGER
260
_b
GÜNIŞIĞI KİTAPLIĞI YAYINLARI
999
_c
1235123
_d
1235123